000 00463nam a2200169Ia 4500
005 20250923144505.0
008 008 250917s9999 xx 000 0 eng d
037 _aTextual
040 _aDSWL
_beng
_cDSWL
041 _aeng
_2eng
084 _qDSWL
245 0 _aCincinnati books at the united nations
_cby National Opinion Research Centre
260 _aChicago
_bUniv of Chicago
_c1947
300 _a35p.
942 _cTEXL
999 _c1439570
_d1439570